000 00652nas a2200229 4500
001 BR9502143
003 BR-BrBNA
005 20231205093947.0
007 ta
008 230509b bl.|||p| |||| 00| 00por d
040 _aBR-BrBNA
_bpor
_cBiblioteca Nacional de Agricultura
041 _a(Pt)
072 _aL70
100 1 _aKannegieter, N.J.
245 1 _aUso de romifidina como sedativo no cavalo
650 _aCavalo
650 _aVeterinaria
650 _aAnestesico
773 0 _tHora Veterinaria (Brazil)
_xISSN 0101-9163
_g(Nov-Dec 1994), v. 14(82) p. 36-47
_wBR9502143
909 _a202311
_bLúcia
_c55
_dLúcia Elande
942 _2AGRIS
_n0
_cANA
999 _c141319
_d141319